| 000 | 00635nam a2200157 a 4500 | ||
|---|---|---|---|
| 008 | 120926s1980 ||||||||||||||||| || u | ||
| 020 | _a0521293499 | ||
| 050 | _aJA74.5 Dav | ||
| 100 | _aDavies, A. F | ||
| 245 | 1 | 0 |
_aSkills, outlooks and passions: a psychoanalytic contribution to the study of politics _cby A. F. Davies |
| 260 |
_aCambridge: _bCambridge University Press _c1980 |
||
| 300 | _axvi, 522p.: ill. | ||
| 500 | _aincludes Bibiliography | ||
| 650 | _aPOLITICAL PSYCOLOGY | ||
| 995 |
_aSPECIAL COLLECTIONS _e500110 _FCBU-DAG HAMMARSKJOLD INSTITUTE LIBRARY _jDAG JA 74.5 Dav _M1 _UAVAILABLE _WOct 25, 2012 _y500110 _ZDHIPS Book Collection |
||
| 999 |
_c470 _d470 |
||